[Event "TCh-AUT 2nd Mitte 2013-14"]
[Site "Gleisdorf AUT"]
[Date "2013.11.16"]
[Round "4.5"]
[White "Spindelboeck,G"]
[Black "Watzka,H"]
[Result "1/2-1/2"]
[WhiteElo "2273"]
[BlackElo "2257"]

1.d4 Nf6 2.c4 e6 3.Nf3 Bb4+ 4.Bd2 Qe7 5.g3 Nc6 6.Bg2 Bxd2+ 7.Nbxd2 O-O 8.O-O d6
9.e4 e5 10.d5 Nb8 11.Ne1 c6 12.Nd3 b6 13.Re1 Bb7 14.b4 Nbd7 15.Rc1 a5 16.b5 cxd5
17.cxd5 Qd8 18.Nc4 Ne8 19.Bh3 Bc8 20.Kg2 Rb8 21.Ne3 Bb7 22.Re2 g6 23.f3 Qe7
24.a4 Ba8 25.Rec2 Nc5 26.Rc3 Rd8 27.Nc4 Qc7 28.Ne3 Qe7 29.Nc4 Qc7 30.Ncxe5 dxe5  1/2-1/2

[Event "10th European Teams w"]
[Site "Warsaw POL"]
[Date "2013.11.16"]
[Round "8.1"]
[White "Kursova,M"]
[Black "Zhukova,N"]
[Result "1/2-1/2"]
[WhiteElo "2339"]
[BlackElo "2466"]

1.d4 Nf6 2.Nf3 e6 3.c4 Bb4+ 4.Bd2 a5 5.Nc3 d5 6.e3 O-O 7.Bd3 b6 8.O-O Ba6
9.Qe2 Nbd7 10.Rfd1 c6 11.Rac1 Rc8 12.a3 Bxc3 13.Bxc3 Ne4 14.Be1 Qe7 15.b4 axb4
16.axb4 Rfe8 17.b5 cxb5 18.cxd5 exd5 19.Qa2 Bb7 20.Bxb5 Qe6 21.Qa4 Ra8 22.Qb3 Nd6
23.Rc7 Red8 24.Bxd7 Rxd7 25.Qxb6 Ra6 26.Qc5 Rxc7 27.Qxc7 Rc6 28.Qa5 h6 29.Ne5 Rc8
30.Qb6 Ba8 31.Ra1 Nc4 32.Qxe6 fxe6 33.Nxc4 dxc4 34.f3 Bc6 35.Rc1 Ba4 36.e4 Bb3
37.Bc3 Ra8 38.Ra1 Rxa1+ 39.Bxa1 Bc2 40.Kf2 Kf7 41.Ke3 h5 42.Kf4 Bd3 43.Bc3 Bf1
44.g4 hxg4 45.fxg4 g6 46.h4 Be2 47.d5 exd5 48.exd5 Ke7 49.Bb4+ Kd7 50.g5 Bd1
51.Ke5 Bf3 52.Kd4 Be2 53.Kc5 Bd3 54.Kd4 Be2 55.Bc3 Bd3 56.Ke5 Be2 57.Bb4  1/2-1/2

[Event "23rd World Seniors 2013"]
[Site "Opatija CRO"]
[Date "2013.11.19"]
[Round "7.25"]
[White "Agzamov,Va"]
[Black "Stepovoj,V"]
[Result "1/2-1/2"]
[WhiteElo "2183"]
[BlackElo "2345"]

1.d4 Nf6 2.c4 e6 3.Nf3 Bb4+ 4.Bd2 a5 5.Nc3 b6 6.g3 Bb7 7.Bg2 Bxc3 8.Bxc3 Ne4
9.Qc2 Nxc3 10.Qxc3 O-O 11.O-O d6 12.Rfe1 Nd7 13.e4 Qe7 14.b3 Rac8  1/2-1/2

[Event "23rd World Seniors 2013"]
[Site "Opatija CRO"]
[Date "2013.11.19"]
[Round "7.14"]
[White "Mishuchkov,N"]
[Black "Fucak,E"]
[Result "1-0"]
[WhiteElo "2367"]
[BlackElo "2223"]

1.d4 Nf6 2.Nf3 e6 3.c4 Bb4+ 4.Bd2 Qe7 5.g3 Nc6 6.Nc3 O-O 7.Bg2 Bxc3 8.Bxc3 Ne4
9.Qc2 f5 10.O-O d6 11.b4 Bd7 12.b5 Nd8 13.a4 Nxc3 14.Qxc3 c6 15.Qa3 Re8 16.Rfd1 g5
17.Rab1 Rc8 18.c5 d5 19.Ne5 Nf7 20.Qe3 Nxe5 21.Qxe5 Qg7 22.Qxg7+ Kxg7 23.f4 Kf6
24.e3 g4 25.Bf1 h5 26.a5 cxb5 27.Bxb5 Re7 28.Bf1 Ba4 29.Rd2 a6 30.h4 Bc6
31.Rb6 Ra8 32.Rdb2 Rc7 33.Bd3 Ke7 34.Kf2 Kd7 35.Ke1 Re8 36.Kd2 Kc8 37.R2b4 Ree7
38.Kc3 Re8 39.Kb3 Kd7 40.Ka3 Ra8 41.Bc2 Ra7 42.Ba4 Rc8 43.Rxb7+  1-0

[Event "Piestany Open 2013"]
[Site "Piestany SVK"]
[Date "2013.11.19"]
[Round "3.16"]
[White "Komlosi,F"]
[Black "Babinsky,Michal"]
[Result "1-0"]
[WhiteElo "1907"]
[BlackElo "1741"]

1.Nf3 Nf6 2.d4 e6 3.c4 Bb4+ 4.Bd2 Bxd2+ 5.Nbxd2 Nc6 6.g3 b6 7.Bg2 Bb7 8.O-O O-O
9.a3 d5 10.cxd5 exd5 11.e3 Ne7 12.Rc1 c6 13.Ne5 Qd6 14.Qf3 Nd7 15.Nd3 a5
16.Rfe1 Rac8 17.Nf4 Ng6 18.Nh5 f5 19.Bh3 Ne7 20.Bf1 g6 21.Nf4 Nf6 22.Nd3 Ne4
23.Qd1 Ba6 24.Ne5 Bxf1 25.Rxf1 c5 26.f4 c4 27.Nxe4 fxe4 28.g4 b5 29.f5 b4
30.axb4 axb4 31.Qe2 Rc7 32.Kh1 gxf5 33.gxf5 Nxf5 34.Rxf5 Rf6 35.Rg1+ Rg7
36.Rxg7+ Kxg7 37.Qg2+ Rg6 38.Nxg6 hxg6 39.Rf1 c3 40.bxc3 bxc3 41.Qf2 Qe7
42.Rc1 Qa3 43.Qe1 Qf8 44.Qf1 Qf3+ 45.Qxf3 exf3 46.Kg1 g5 47.Kf2 Kg6 48.Kxf3 Kf5
49.h3  1-0

[Event "23rd World Seniors 2013"]
[Site "Opatija CRO"]
[Date "2013.11.20"]
[Round "8.13"]
[White "Chernikov,O1"]
[Black "Hartung Nielsen,J"]
[Result "1-0"]
[WhiteElo "2400"]
[BlackElo "2219"]

1.d4 Nf6 2.c4 e6 3.Nf3 Bb4+ 4.Bd2 Qe7 5.g3 Nc6 6.Nc3 O-O 7.Bg2 d6 8.O-O a5
9.Rc1 Bxc3 10.Bxc3 Ne4 11.Be1 e5 12.Nxe5 dxe5 13.d5 Bf5 14.dxc6 bxc6 15.Qd3 Rfd8
16.Qe3 Rd4 17.g4 Bg6 18.f4 Nf6 19.f5 Nxg4 20.Qh3 Qg5 21.fxg6 hxg6 22.Rc3 Rb8
23.b3 f5 24.Rg3 e4 25.Bc3 Rd7 26.Bxe4 Qe7 27.Rxg4 fxg4 28.Qxg4 Rd6 29.Bxa5 Rd4
30.Bd5+ Rxd5 31.cxd5 Qc5+ 32.Kg2 Qxa5 33.Qe6+ Kh7 34.dxc6 Qg5+ 35.Kh1 Rd8
36.Qh3+ Kg8 37.Qe6+ Kh7 38.Rg1 Qh5 39.Rg3 Rd4 40.Rh3 Rh4 41.Rxh4 Qxh4 42.Qe5 Qf2
43.h4 Qf1+ 44.Kh2 Qf2+ 45.Kh3 Qf1+ 46.Kg3 Qg1+ 47.Kf3 Qh1+ 48.Ke3 Qxc6 49.Kd2 Qh1
50.a4 Qxh4 51.a5 Qb4+ 52.Kc2 c5 53.Qc3 Qb5 54.Qh3+ Kg8 55.Qe6+ Kh7 56.a6 Qa5
57.Kd3 g5 58.Qe4+ Kh6 59.Qh1+ Kg6 60.Qb7 Qd8+ 61.Kc4 Qd4+ 62.Kb5 Qb4+ 63.Kc6 Qe4+
64.Kxc5 Qe3+ 65.Kb4 Qd2+ 66.Kc5 Qe3+ 67.Kd6 Qf4+ 68.Kd7 Qf7+ 69.Kc8 Qe8+
70.Kc7 Qe5+ 71.Kb6 Qd4+ 72.Kc7 Qe5+ 73.Kc6 Qe4+ 74.Kc5 Qe3+ 75.Kd5 Qd2+ 76.Ke5 Qb2+
77.Kd6 Qf6+ 78.Kd7 Qf7+ 79.Kd8 Qf8+ 80.Kc7 Qf4+ 81.Kd7 Qf7+ 82.Kd6 Qf4+ 83.Kd5 Qd2+
84.Ke6 Qxe2+ 85.Kd6 Qd3+ 86.Kc7 Qg3+ 87.Kc8 Qh3+ 88.Kb8 Qg3+ 89.Ka8 g4 90.Qc6+ Kh5
91.Qb5+ Kh4 92.a7 Qf3+ 93.Kb8 Qf8+ 94.Kc7 Qe7+ 95.Qd7 Qc5+ 96.Kb7 Qb4+ 97.Kc6 Qc3+
98.Kd6 Qf6+ 99.Kc7 Qc3+ 100.Qc6 Qe5+ 101.Kb6 Qe3+ 102.Ka6 Qe2+ 103.Qc4 Qa2+
104.Kb7 Qg2+ 105.Qc6 Qb2 106.Qd5  1-0

[Event "23rd World Seniors 2013"]
[Site "Opatija CRO"]
[Date "2013.11.23"]
[Round "11.25"]
[White "Kierzek,Ma"]
[Black "Hohler,P"]
[Result "1/2-1/2"]
[WhiteElo "2250"]
[BlackElo "2171"]

1.d4 Nf6 2.c4 e6 3.Nf3 Bb4+ 4.Bd2 Bxd2+ 5.Qxd2 d5 6.g3 O-O 7.Bg2 c6 8.O-O Nbd7
9.Na3 b6 10.Rac1 Bb7 11.cxd5 exd5 12.Rfd1 Re8 13.e3 Qe7 14.Nc2 a5 15.Nce1 Ne4
16.Qc2 Rec8 17.Nd3 g6 18.Bh3 f5 19.Nde5 Nxe5 20.Nxe5 Nf6 21.Qb3 Qb4 22.Rd3 Ne4
23.a3 Qxb3 24.Rxb3 b5 25.Rd3 c5 26.dxc5 Nxc5 27.Rdc3 Na4 28.Rxc8+ Rxc8 29.Rxc8+ Bxc8
30.Bf1 b4 31.axb4 axb4 32.Nc6 Be6 33.Nxb4 Nxb2 34.Bg2 Kf7 35.Bxd5 Bxd5 36.Nxd5 Ke6
37.Nf4+ Ke5 38.h4 Nc4 39.Kg2 Kf6 40.Nd5+ Ke6 41.Nc3 Kf6 42.Kf3 h6 43.Nd5+ Ke5
44.Ne7 Kf6 45.Nc6 Nd2+ 46.Kg2 g5 47.f3 Nc4 48.Kf2 Nd6 49.Nb4 Ke6 50.Nd3 Kf6
51.Ke2 Kg6 52.hxg5 hxg5 53.Nf2 Nf7 54.Nh3 Kf6 55.Kd2 Ke6 56.e4 Kf6 57.g4 Ne5
58.gxf5 Nxf3+ 59.Ke3 Nh4 60.Nf2 Nxf5+  1/2-1/2

[Event "UT Dallas GM Inv 2013"]
[Site "Dallas USA"]
[Date "2013.11.24"]
[Round "5.3"]
[White "Berczes,D"]
[Black "Margvelashvili,G"]
[Result "1/2-1/2"]
[WhiteElo "2522"]
[BlackElo "2556"]

1.d4 Nf6 2.Nf3 e6 3.c4 Bb4+ 4.Bd2 Bxd2+ 5.Qxd2 O-O 6.Nc3 d5 7.e3 Qe7 8.Qc2 Rd8
9.Rd1 a6 10.a3 h6 11.h3 dxc4 12.Bxc4 c5 13.dxc5 Rxd1+ 14.Qxd1 Qxc5 15.Qd8+ Qf8
16.Qxf8+ Kxf8 17.Bd3 Ke7 18.O-O Bd7 19.Ne5 Be8 20.Ne2 Nc6 21.Nxc6+ Bxc6 22.Nd4 Bd7
23.Rc1 Rc8 24.Rxc8 Bxc8 25.Nb3 Kd6 26.f3 e5 27.Kf2 Nd7 28.Bc4 f6 29.Nd2 Nb6
30.Bb3 Bf5 31.Ke2 Bg6 32.h4  1/2-1/2

[Event "ch-PAR 2013"]
[Site "Asuncion PAR"]
[Date "2013.11.25"]
[Round "8.4"]
[White "Bachmann,Ax"]
[Black "Goiriz,Y"]
[Result "1-0"]
[WhiteElo "2545"]
[BlackElo "2090"]

1.c4 e6 2.Nf3 Nf6 3.d4 Bb4+ 4.Bd2 Qe7 5.g3 b6 6.Bg2 Bb7 7.O-O O-O 8.Bg5 h6
9.Bxf6 Qxf6 10.a3 Be7 11.Nc3 d6 12.e4 g6 13.Re1 Nd7 14.Qa4 Rfd8 15.Rad1 Bf8
16.b4 Qe7 17.d5 a5 18.Qb3 axb4 19.axb4 Ne5 20.Nd4 c5 21.dxc6 Nxc6 22.Ndb5 Rac8
23.f4 Ba6 24.h4 Bg7 25.Kh2 Bxb5 26.Nxb5 e5 27.f5 Nd4 28.Nxd4 exd4 29.fxg6 fxg6
30.e5 dxe5 31.Be4 b5 32.c5+ Qf7 33.Qd3 Rf8 34.Qxb5 Qa2+ 35.Re2 Rf2+ 36.Rxf2 Qxf2+
37.Kh3 Rf8 38.Qc4+ Kh8 39.Qe6 Qf6 40.Qg4 Rb8 41.c6 Qd6 42.Rc1  1-0

[Event "9th Ugra Governor's Cup"]
[Site "Khanty-Mansiysk RUS"]
[Date "2013.11.28"]
[Round "1.1"]
[White "Jumabayev,R"]
[Black "Matlakov,M"]
[Result "0-1"]
[WhiteElo "2561"]
[BlackElo "2700"]

1.d4 Nf6 2.c4 e6 3.Nf3 Bb4+ 4.Bd2 Qe7 5.g3 Bxd2+ 6.Nbxd2 d6 7.Bg2 O-O 8.O-O e5
9.Qb3 Re8 10.e4 Nbd7 11.Rfe1 c5 12.d5 Nf8 13.Nh4 Ng6 14.Nf5 Qc7 15.h3 Bd7
16.Nb1 Ne7 17.Ne3 g6 18.Nc3 Nh5 19.Qd1 Rf8 20.Rf1 Be8 21.Ng4 Rd8 22.Bf3 Kh8
23.Nh6 Ng7 24.Be2 f5 25.f4 exf4 26.Rxf4 g5 27.Rf1 f4 28.Bg4 Ng6 29.Ne2 Qe7
30.Qd3 Ne5 31.Qc3 Bg6 32.Rae1 Rde8 33.Kh2 Bxe4 34.gxf4 gxf4 35.Nxf4 Qh4 36.Rxe4 Qxh6
37.Kg2 Qg5 38.Qg3 Nf5 39.Qc3 Ng7 40.Qg3 Nf5 41.Qc3 Nd4 42.Rxd4 cxd4 43.Qxd4 Qf6
44.Be6 Qg7+ 45.Kh1 Qc7 46.b3 Rf6 47.Rg1 Ref8 48.Nd3 Rf1 49.Nxe5 dxe5 50.Qxa7 Qg7
51.Qc5 Qf6 52.Bg4 Qf4 53.Rxf1 Qxf1+ 54.Kh2 Rf2+ 55.Kg3 Rg2+ 56.Kh4 Qf6+  0-1

[Event "1st Lima International 2013"]
[Site "Lima PER"]
[Date "2013.11.28"]
[Round "2.2"]
[White "Requejo,O"]
[Black "Espinoza Palomino,W"]
[Result "1-0"]
[WhiteElo "2302"]
[BlackElo "2324"]

1.d4 Nf6 2.c4 e6 3.Nf3 Bb4+ 4.Bd2 Bxd2+ 5.Qxd2 d5 6.Nc3 O-O 7.e3 Qe7 8.Rc1 Rd8
9.Qc2 dxc4 10.Bxc4 c5 11.O-O Nc6 12.dxc5 Qxc5 13.Ne4 Qe7 14.Bb5 Nxe4 15.Qxe4 Bd7
16.a3 Be8 17.Rc3 Rd6 18.Qc2 e5 19.Rc5 f6 20.Bc4+ Kh8 21.Bd5 Rc8 22.e4 Qd7
23.b4 b6 24.Rc3 Ne7 25.Rxc8 Nxc8 26.Nd2 Ne7 27.Nc4 Qc7 28.Qb3 Rd8 29.Ne3 g6
30.Qb2 Kg7 31.Rc1 Qd6 32.g3 Rc8 33.Rxc8 Nxc8 34.Qc3 Ne7 35.Qc4 Bc6 36.h4 Bd7
37.Kf1 f5 38.Ke1 fxe4 39.Bxe4 Nf5 40.Bxf5 gxf5 41.Qc3 Kf8 42.Nc4 Qc6 43.Kd2 Qd5+
44.Qd3 Qxd3+ 45.Kxd3 Bb5 46.Kc3 Bxc4 47.Kxc4 Ke7 48.Kd5 Kf6 49.b5 e4 50.a4 h5
51.Kc6 f4 52.gxf4 Kf5 53.Kb7 Kxf4 54.Kxa7 Kf3 55.a5 Kxf2 56.axb6 e3 57.b7 e2
58.b8=Q e1=Q 59.Qf4+ Kg2 60.Qg5+ Kh3 61.b6 Qa1+ 62.Kb7 Qh1+ 63.Kc7 Qh2+ 64.Kd7 Qh1
65.Kd6 Qd1+ 66.Qd5 Qb1 67.b7 Qb6+ 68.Ke7 Qb4+ 69.Ke6 Qb6+ 70.Ke5 Qc7+ 71.Kf5 Qh7+
72.Kf4 Qc7+ 73.Kf3 Qc3+ 74.Ke4 Qe1+ 75.Kf5 Qf2+ 76.Kg6 Qg3+ 77.Kxh5 Qxh4+
78.Kg6 Qg3+ 79.Kf6 Qc3+ 80.Qe5  1-0

[Event "ch-IRI 2013"]
[Site "Tabriz IRI"]
[Date "2013.11.28"]
[Round "3.4"]
[White "Ghaem Maghami,E"]
[Black "Behmardi,K"]
[Result "1/2-1/2"]
[WhiteElo "2561"]
[BlackElo "2276"]

1.d4 Nf6 2.c4 e6 3.Nf3 Bb4+ 4.Bd2 Qe7 5.g3 Nc6 6.Nc3 Bxc3 7.Bxc3 Ne4 8.Rc1 O-O
9.Bg2 a5 10.O-O Nxc3 11.Rxc3 d6 12.d5 Nb4 13.a3 Na6 14.Qc2 e5 15.Rb1 Bd7
16.b4 axb4 17.axb4 c5 18.dxc6 bxc6 19.b5 Nc5 20.Nd2 Rfc8 21.Nb3 Na4 22.Re3 Rab8
23.bxc6 Bxc6 24.Bxc6 Rxc6 25.Nd2 Rxb1+ 26.Qxb1 Rb6 27.Rb3 Qc7 28.Ne4 h6 29.Rb5 Qxc4
30.Rxb6 Nxb6 31.Nxd6 Qc6 32.Nf5 Qe6 33.Qe4 Nd5 34.Qxd5 Qxf5 35.Kg2 Qf6 36.h4 g6
37.Qf3 Qe6 38.Qe4 Qf6 39.Qd5 Kg7 40.e4 Qe7 41.Qc6 h5 42.Qd5 Qc7 43.Qd2 Qc4
44.Qe3 Qc6 45.Kh2 Qc8 46.Kg2 Qc6 47.Kh2 Qc8  1/2-1/2

[Event "XXVII Belgrade Trophy"]
[Site "Obrenovac SRB"]
[Date "2013.11.29"]
[Round "6.12"]
[White "Damljanovic,B"]
[Black "Ratkovic,Miloj"]
[Result "1-0"]
[WhiteElo "2569"]
[BlackElo "2273"]

1.d4 Nf6 2.c4 e6 3.Nf3 Bb4+ 4.Bd2 Qe7 5.g3 Bxd2+ 6.Qxd2 d6 7.Nc3 O-O 8.Bg2 e5
9.O-O Re8 10.e4 Bg4 11.Ne1 exd4 12.Qxd4 Nc6 13.Qd2 Qd7 14.f3 Bh3 15.b3 Bxg2
16.Nxg2 Re5 17.Ne3 Rae8 18.Rac1 Nd8 19.Ncd5 Nxd5 20.cxd5 c5 21.Nc4 Rh5 22.Qf4 Rh6
23.a4 Rf6 24.Qd2 b6 25.Rce1 Nb7 26.f4 b5 27.axb5 Qxb5 28.Qa2 h5 29.Re3 Ra8
30.Qa4 Qb4 31.Ra1 a5 32.Qc6 Rb8 33.Ra4 Nd8 34.Qe8+  1-0

[Event "9th Ugra Governor's Cup"]
[Site "Khanty-Mansiysk RUS"]
[Date "2013.11.30"]
[Round "3.14"]
[White "Goryachkina,A"]
[Black "Goganov,A"]
[Result "0-1"]
[WhiteElo "2438"]
[BlackElo "2581"]

1.d4 Nf6 2.c4 e6 3.Nf3 Bb4+ 4.Bd2 Qe7 5.g3 Nc6 6.Nc3 O-O 7.Bg2 Na5 8.b3 b6
9.O-O Bb7 10.Qc2 h6 11.Rfd1 Rac8 12.Qb2 Ba3 13.Qb1 c5 14.dxc5 Bxc5 15.Ne1 Bxg2
16.Kxg2 d5 17.cxd5 exd5 18.Qd3 Nc6 19.Nxd5 Nxd5 20.Qxd5 Rfd8 21.Qf3 Nd4 22.Qg4 f5
23.Qh4 Qxh4 24.gxh4 Nxe2 25.Nf3 Rd3 26.Be3 Bxe3 27.Rxd3 Nf4+ 28.Kf1 Nxd3
29.fxe3 Re8 30.Ke2 f4 31.Kd2 Rxe3 32.Rf1 Nc5 33.Ne1 Ne4+ 34.Kd1 Nc3+ 35.Kd2 Nxa2
36.Rxf4 Rxb3 37.Nd3 a5 38.Rf5 Nb4 39.Ne5 Rb2+ 40.Kd1 Nd5 41.Kc1 Rxh2 42.Nd7 Rh1+
43.Kb2 Nf6 44.Nxb6 Rxh4 45.Kc2 Rb4  0-1

[Event "ch-IRI 2013"]
[Site "Tabriz IRI"]
[Date "2013.11.30"]
[Round "5.5"]
[White "Mousavi,Se"]
[Black "Nasri,A"]
[Result "1-0"]
[WhiteElo "2238"]
[BlackElo "2320"]

1.d4 Nf6 2.c4 e6 3.Nf3 Bb4+ 4.Bd2 Bxd2+ 5.Nbxd2 c5 6.dxc5 Qa5 7.g3 Qxc5 8.Bg2 O-O
9.O-O Rd8 10.Rc1 d6 11.Qc2 a6 12.Rfd1 h6 13.a3 Qc7 14.Ne4 Nxe4 15.Qxe4 Ra7
16.Rc2 Qe7 17.Rcd2 Nc6 18.Qe3 b5 19.Qb6 Rc7 20.cxb5 axb5 21.Rc1 Bb7 22.Nd4  1-0

[Event "9th Ugra Governor's Cup B"]
[Site "Khanty-Mansiysk RUS"]
[Date "2013.12.02"]
[Round "5"]
[White "Chekletsov,Ilya"]
[Black "Iliushkin,E"]
[Result "0-1"]
[WhiteElo "2053"]
[BlackElo "2282"]

1.d4 Nf6 2.c4 e6 3.Nf3 Bb4+ 4.Bd2 c5 5.a3 Bxd2+ 6.Qxd2 cxd4 7.Nxd4 O-O 8.Nc3 d5
9.e3 dxc4 10.Bxc4 Qe7 11.Rd1 a6 12.a4 Bd7 13.O-O Rd8 14.Qc2 Nc6 15.Nxc6 Bxc6
16.Rxd8+ Rxd8 17.Rd1 Rxd1+ 18.Qxd1 Qb4 19.Qb3 Qd6 20.f3 Qd2 21.e4 Qe1+ 22.Bf1 Qe3+
23.Kh1 Qf2 24.Qd1 Qxb2 25.Qd8+ Ne8 26.Qd4 h6 27.h3 Qa1 28.Kg1 Nf6 29.Qb4 Qe1
30.Qd4 Nh5 31.Ne2 Qa5 32.Nc3 Qg5 33.Kh2 Qg3+ 34.Kg1 Nf4 35.Kh1 Qe1 36.Kg1 Kh7  0-1

[Event "ch-IRI 2013"]
[Site "Tabriz IRI"]
[Date "2013.12.03"]
[Round "9.14"]
[White "Lorparizangeneh,S"]
[Black "Galehdari,B"]
[Result "0-1"]
[WhiteElo "2270"]
[BlackElo "2227"]

1.d4 Nf6 2.c4 e6 3.Nf3 Bb4+ 4.Bd2 Qe7 5.g3 Nc6 6.Nc3 O-O 7.a3 Bxc3 8.Bxc3 Ne4
9.Rc1 d6 10.d5 Nb8 11.dxe6 Bxe6 12.Bg2 Nxc3 13.Rxc3 Nc6 14.Nd4 Bd7 15.e3 Rfe8
16.O-O Rab8 17.b4 Qf6 18.c5 Ne5 19.Qc2 c6 20.cxd6 Qxd6 21.Rd1 Qf6 22.h3 Rbd8
23.f4 Ng6 24.Rcd3 Bc8 25.Qf2 Qe7 26.e4 a5 27.Nf5 Bxf5 28.exf5 Rxd3 29.Rxd3 Nf8
30.bxa5 Nd7 31.Bf3 Nc5 32.Rd1 h6 33.f6 gxf6 34.a4 Qe3 35.Rb1 Qc3 36.Kg2 Nd3
37.Qa2 Ne1+ 38.Rxe1 Qxe1 39.Bh5 Re7 40.Qb2 Rd7  0-1

[Event "9th Ugra Governor's Cup B"]
[Site "Khanty-Mansiysk RUS"]
[Date "2013.12.05"]
[Round "8"]
[White "Voskresenskaya,Marta"]
[Black "But,Svetlana"]
[Result "0-1"]
[WhiteElo "1773"]
[BlackElo "1960"]

1.d4 Nf6 2.c4 e6 3.Nf3 Bb4+ 4.Bd2 Bxd2+ 5.Nbxd2 d5 6.e3 c6 7.Bd3 Nbd7 8.Qc2 Qe7
9.a3 h6 10.Rb1 O-O 11.O-O Re8 12.Rfe1 c5 13.b4 b6 14.e4 dxe4 15.Nxe4 cxd4
16.Nxd4 Bb7 17.Nb5 Red8 18.Ned6 Bc6 19.Nf5 Qf8 20.Nfd4 Bxb5 21.Nxb5 a6 22.Nc3 a5
23.h3 axb4 24.axb4 Qd6 25.Nb5 Qe7 26.Qb3 Nb8 27.Qc3 Nc6 28.Bc2 Rac8 29.f3 Rd7
30.Be4 Na7 31.Nxa7 Rxa7 32.Qb3 Rac7 33.Rbc1 Qd6 34.Rcd1 Qf4 35.Qd3 Rd7 36.Qe2 Rcd8
37.Bb1 Rd2  0-1

[Event "IV JAHV McGregor 2013"]
[Site "Bogota COL"]
[Date "2013.12.06"]
[Round "5.21"]
[White "Ruiz,Al"]
[Black "Sanz Alonso,F"]
[Result "1/2-1/2"]
[WhiteElo "2165"]
[BlackElo "2355"]

1.d4 Nf6 2.c4 e6 3.Nf3 Bb4+ 4.Bd2 a5 5.a3 Bxd2+ 6.Qxd2 O-O 7.Nc3 d5 8.e3 b6
9.b3 c5 10.cxd5 exd5 11.Be2 Bb7 12.O-O Nbd7 13.Rfd1 Qe7 14.Qb2 Rfc8 15.Bb5 Rc7
16.Na4 Qe6 17.Rac1 Rac8 18.Qd2 cxd4 19.Nxd4 Qd6 20.Bxd7 Rxc1 21.Rxc1 Nxd7
22.Rxc8+ Bxc8 23.Qc3 Bb7 24.Nf5 Qf6 25.Qxf6 gxf6 26.Nc3 Kf8 27.b4 Ne5 28.b5 Nc4
29.a4 Bc8 30.Nd4 Be6 31.Kf1 Ke7 32.Ke2 Kd6 33.f4 f5 34.Nb3 Kc7 35.Kd3 Kd7
36.Kd4 Kd6 37.Ne2 Na3  1/2-1/2

[Event "IV JAHV McGregor 2013"]
[Site "Bogota COL"]
[Date "2013.12.06"]
[Round "5.106"]
[White "Aguirre Reyes,Jorge Alberto"]
[Black "Pardo,Ja"]
[Result "0-1"]
[WhiteElo "1713"]
[BlackElo "1947"]

1.d4 Nf6 2.c4 e6 3.Nf3 Bb4+ 4.Bd2 Qe7 5.a3 Bxd2+ 6.Nbxd2 b6 7.g3 Bb7 8.Bg2 O-O
9.O-O c5 10.Rc1 d5 11.cxd5 exd5 12.dxc5 bxc5 13.e3 Nbd7 14.Qa4 Rfe8 15.Rc2 Qd6
16.Rfc1 Nb6 17.Qa5 Nbd7 18.Nb3 Qb6 19.Qc3 Ne4 20.Qd3 Ba6 21.Qxd5 Ndf6 22.Qf5 Qxb3
23.Ng5 g6 24.Nxe4 Nxe4 25.Qf4 Bd3 26.Rxc5 Nxc5 27.Bxa8 Rxa8  0-1

[Event "FSIM December 2013"]
[Site "Budapest HUN"]
[Date "2013.12.09"]
[Round "3.4"]
[White "Szeberenyi,A"]
[Black "Petran,Pa"]
[Result "1/2-1/2"]
[WhiteElo "2317"]
[BlackElo "2335"]

1.d4 Nf6 2.c4 e6 3.Nf3 Bb4+ 4.Bd2 Qe7 5.g3 Bxd2+ 6.Nbxd2 d6 7.Bg2 O-O 8.O-O e5
9.e4 a5 10.Qc2 Bg4 11.Rfe1 Nc6 12.d5 Nb8 13.b3 c5 14.a3 Na6 15.Qc3  1/2-1/2

[Event "ch-Arab Open 2013"]
[Site "Abu Dhabi UAE"]
[Date "2013.12.11"]
[Round "4.7"]
[White "Nezad,H"]
[Black "Elarbi,A"]
[Result "1-0"]
[WhiteElo "2400"]
[BlackElo "2295"]

1.d4 Nf6 2.c4 e6 3.Nf3 Bb4+ 4.Bd2 Bxd2+ 5.Qxd2 d5 6.Nc3 O-O 7.g3 Qe7 8.cxd5 exd5
9.Bg2 c6 10.O-O Nbd7 11.Rfe1 Re8 12.Qc2 Ne4 13.Nd2 Nxd2 14.Qxd2 Nf6 15.f3 Be6
16.e4 dxe4 17.fxe4 Rad8 18.e5 Nd7 19.Qf2 f6 20.d5 cxd5 21.Nxd5 Bxd5 22.Bxd5+ Kh8
23.exf6 Qxf6 24.Bxb7 Rxe1+ 25.Rxe1 Qxf2+ 26.Kxf2 Nc5 27.Re7 g6 28.Bc6 Rd6
29.Bf3 Ra6 30.Bd5 Nd3+ 31.Ke3 Nxb2 32.Kf4 h6 33.Ke4 Na4 34.Kd4 Ra5 35.Bb3 Nb6
36.Re5 Rxe5 37.Kxe5 Kg7 38.a4 Nd7+ 39.Kd6 Nf6 40.a5 Ne4+ 41.Kc6 Kf6 42.Bc2 Nd2
43.Kb7 a6 44.Kxa6 Nc4 45.Bd3 Ne5 46.Bb5  1-0

[Event "Pavlodar Open 2013"]
[Site "Pavlodar KAZ"]
[Date "2013.12.11"]
[Round "3.19"]
[White "Efanov,Mikhail"]
[Black "Davletbayeva,M"]
[Result "1-0"]
[WhiteElo "2091"]
[BlackElo "2280"]

1.d4 Nf6 2.Nf3 e6 3.c4 Bb4+ 4.Bd2 a5 5.g3 d6 6.Bg2 Nbd7 7.O-O e5 8.Be3 O-O
9.Qc2 exd4 10.Bxd4 Re8 11.a3 Bc5 12.e3 c6 13.Nc3 Bxd4 14.exd4 Nb6 15.Nd2 Bg4
16.Rfe1 Qd7 17.Nce4 Nxe4 18.Bxe4 h6 19.c5 dxc5 20.dxc5 Red8 21.cxb6 Qxd2
22.Bh7+ Kh8 23.Re8+ Rxe8 24.Qxd2 Kxh7 25.Re1 Rad8 26.Qc2+ g6 27.Rxe8 Rxe8
28.Kg2 Be6 29.f3 Bd5 30.Kf2 Re5 31.g4 Be6 32.a4 Rd5 33.Qc3 h5 34.h3 hxg4
35.hxg4 g5 36.Ke2 Kg6 37.b4 axb4 38.Qxb4 Re5+ 39.Kf2 c5 40.Qb1+ Kg7 41.Qc2 c4
42.Qc3 f6 43.Qb4 Bd7 44.Qxc4 Bc6 45.Qxc6  1-0

[Event "SportAccord Rapid Women 2013"]
[Site "Beijing CHN"]
[Date "2013.12.12"]
[Round "2.3"]
[White "Dzagnidze,N"]
[Black "Cramling,P"]
[Result "1-0"]
[WhiteElo "2557"]
[BlackElo "2525"]

1.d4 Nf6 2.c4 e6 3.Nf3 Bb4+ 4.Bd2 a5 5.e3 d6 6.Bd3 Qe7 7.Nc3 e5 8.dxe5 dxe5
9.Qc2 c6 10.O-O O-O 11.a3 Bc5 12.Ng5 h6 13.Nge4 Nbd7 14.Nxc5 Nxc5 15.Be2 a4
16.Rad1 e4 17.Nb1 Bg4 18.Bb4 Bxe2 19.Qxe2 Qe5 20.Nc3 Rfe8 21.Bxc5 Qxc5 22.Rd4 Qf5
23.Rfd1 Kh7 24.h3 Re5 25.Rd6 Re6 26.Qc2 b5 27.Rxe6 fxe6 28.Rd4 c5 29.Rd2 b4
30.axb4 cxb4 31.Nxa4 Rc8 32.b3 Nd5 33.Rd4 Nf6 34.c5 e5 35.Rxb4 Qe6 36.Rc4  1-0

[Event "2nd Kurdistan Open 2013"]
[Site "Erbil IRQ"]
[Date "2013.12.12"]
[Round "3.13"]
[White "Kardo Ako,Mohammad"]
[Black "Kazemi,Akbar"]
[Result "1-0"]
[WhiteElo "2079"]
[BlackElo "1740"]

1.d4 Nf6 2.Nf3 e6 3.c4 Bb4+ 4.Bd2 Qe7 5.e3 b6 6.Nc3 Bb7 7.Bd3 Bxc3 8.Bxc3 Ne4
9.Rc1 f5 10.Bxe4 Bxe4 11.d5 O-O 12.O-O d6 13.dxe6 Qxe6 14.Ng5 Qe7 15.Qh5 h6
16.Nxe4 Qxe4 17.Rfe1 Nd7 18.f3 Qe8 19.Qh4 Qf7 20.e4 Nc5 21.exf5 Qxf5 22.Re7 Rf7
23.Rce1 Raf8 24.h3 Rxe7 25.Rxe7 Rf7 26.Re8+ Rf8 27.Qe7 Qf7 28.Rxf8+ Qxf8
29.Qxc7 Ne6 30.Qxa7 Qf4 31.Qa8+ Kf7 32.Qb7+ Kf8 33.Qe4 Qf7 34.Qd5 Qe7 35.Qe4 Kg8
36.f4 Qd7 37.f5 Ng5 38.Qd5+ Kh7 39.Bb4 Qe7 40.Bxd6 Qe3+ 41.Kh2 Ne4 42.Qe6 Qe2
43.Qg6+ Kg8 44.Be5 Kf8 45.Bxg7+ Ke7 46.Qe6+ Kd8 47.Qxb6+ Kd7 48.Qe6+ Kc7
49.Be5+ Kd8 50.Bd6 Qxg2+  1-0

[Event "25th Carlos Torre Open"]
[Site "Merida MEX"]
[Date "2013.12.13"]
[Round "1.2"]
[White "Alayola Montanez,J"]
[Black "Quesada Perez,Yu"]
[Result "0-1"]
[WhiteElo "2084"]
[BlackElo "2639"]

1.Nf3 Nf6 2.c4 e6 3.d4 Bb4+ 4.Bd2 c5 5.Bxb4 cxb4 6.Nbd2 d6 7.g3 O-O 8.Bg2 a5
9.O-O Qc7 10.Rc1 Na6 11.Qc2 h6 12.Ne4  0-1

[Event "Pavlodar Open 2013"]
[Site "Pavlodar KAZ"]
[Date "2013.12.15"]
[Round "6.2"]
[White "Jumabayev,R"]
[Black "Utegaliyev,A"]
[Result "1-0"]
[WhiteElo "2561"]
[BlackElo "2435"]

1.d4 Nf6 2.c4 e6 3.Nf3 Bb4+ 4.Bd2 Qe7 5.g3 Bxd2+ 6.Qxd2 b6 7.Bg2 Bb7 8.O-O d6
9.d5 O-O 10.Nc3 e5 11.b4 Nbd7 12.e4 a5 13.a3 Ba6 14.Qd3 Ra7 15.Nd2 Rfa8 16.Rac1 Qd8
17.Rfd1 Bc8 18.Nb5 Ra6 19.Nf1 h5 20.Ne3 g6 21.h4 Kh7 22.Rf1 Kg8 23.Qc3 axb4
24.axb4 Ra2 25.Ra1 Rxa1 26.Rxa1 Ba6 27.Na3 Bb7 28.Bf3 Kf8 29.Qb2 Bc8 30.Rc1 Ba6
31.Ra1 Bc8 32.Ra2 Bb7 33.Nb5 Rxa2 34.Qxa2 Qb8 35.Qd2 Ba6 36.Nc3 b5 37.Qb2 Qb6
38.cxb5 Bxb5 39.Qb1 Kg7 40.Kg2 Qa6 41.Qa2 Qxa2 42.Nxa2 Bd3 43.Nc3 Nb8 44.b5 Nbd7
45.Nf1 Bxf1+ 46.Kxf1 Nc5 47.Ke2 Nb3 48.Bg2 Kf8 49.f4 Ke7 50.Bh3 Nd4+ 51.Kd3 Ng4
52.Bxg4 hxg4 53.Ke3 f5 54.Kd3 Nf3 55.fxe5 dxe5 56.exf5 gxf5 57.h5 Kd6 58.h6 Ng5
59.Kc4 Nh7 60.Nd1 f4 61.Nf2 Nf6 62.Ne4+ Ke7 63.Nxf6 Kf7 64.Kd3 fxg3 65.Ke2 e4
66.b6 cxb6 67.h7 Kg7 68.d6  1-0

[Event "20th Zadar Open A 2013"]
[Site "Zadar CRO"]
[Date "2013.12.16"]
[Round "2.13"]
[White "Franic,M"]
[Black "Saric,A"]
[Result "1-0"]
[WhiteElo "2394"]
[BlackElo "2547"]

1.d4 Nf6 2.c4 e6 3.Nf3 Bb4+ 4.Bd2 Qe7 5.g3 Bxd2+ 6.Nbxd2 d6 7.Bg2 O-O 8.O-O e5
9.e4 Bg4 10.Qb3 Bxf3 11.Nxf3 c5 12.dxe5 dxe5 13.Nh4 g6 14.f4 Nc6 15.Rae1 Rad8
16.Qc3 exf4 17.gxf4 Nh5 18.Qh3 Rd2 19.e5 Nd4 20.Bd5 Kh8 21.Kh1 Nc2 22.Nf3 Rd3
23.Rd1 Rxd1 24.Rxd1 Ne3 25.Re1 Nxf4 26.Qh6 Nexd5 27.cxd5 Nxd5 28.Ng5 f5 29.Nxh7 Qg7
30.Qxg7+ Kxg7 31.Nxf8 Kxf8 32.Rd1 Nb6 33.b3 Kf7 34.h4 c4 35.bxc4 Nxc4 36.Rd7+ Ke6
37.Rxb7 a5 38.Rb5 f4 39.Kg2 Kf5 40.e6+ Kxe6 41.Kf3  1-0

[Event "WYCC U16 Girls 2013"]
[Site "Al-Ain UAE"]
[Date "2013.12.18"]
[Round "1.39"]
[White "Saikhanzaya,Ganbaatar"]
[Black "Ebeling,Gabriela"]
[Result "1-0"]
[WhiteElo "1939"]
[BlackElo "1570"]

1.d4 Nf6 2.c4 e6 3.Nf3 Bb4+ 4.Bd2 Bxd2+ 5.Qxd2 O-O 6.Nc3 Re8 7.g3 b6 8.Bg2 Bb7
9.Qc2 c6 10.O-O d5 11.Ne5 Nbd7 12.Nxd7 Qxd7 13.cxd5 cxd5 14.Rac1 Rac8 15.Qd3 Rc6
16.f3 Qc8 17.Rfe1 Ba6 18.Qd2 Re7 19.e4 Rec7 20.Rcd1 Bb7 21.Qe3 h6 22.Nb5 Ba6
23.Nxc7 Rxc7 24.Rc1 dxe4 25.fxe4 Nd7 26.Rxc7 Qxc7 27.Rc1 Qd6 28.e5 Qb8 29.Qc3  1-0